LDR 00977naa#a2200193#i#450# 001 RU\RIOR\bibl\126057 005 20260629054554.1 011 ## _a2409-6024 100 ## _a20260530b2026####ek#y0rusy0150####ca 102 ## _aRU 200 1# _aМЕНЕДЖМЕНТ ВНУТРЕННЕГО ТУРИЗМА В РОССИИ: АНАЛИЗ ДИНАМИКИ ТУРИСТИЧЕСКИХ ПОТОКОВ И РЕГИОНАЛЬНОЙ ПРИВЛЕКАТЕЛЬНОСТИ _eЖурнальная статья 210 1# _aМосква _cООО "Издательский Центр РИОР" _d2026 215 ## _a19 с. 608 ## _aЖурнальная статья _2local 675 ## _aЭкономика. Народное хозяйство. Экономические науки. 33 _z 700 #1 _aКузнецова _gАльфия Рашитовна 700 #1 _aБадретдинов _gАртур Рамилевич 700 #1 _aСемячков _gКонстантин Александрович 856 4# _arusjm.ru _u